1729 1899 1171 1732 1840 1983 1492 1074 1909 1117 1948 1724 1830 1910 1667 1541 1092 1188 1123 1183 1183 1938 1615 1979 1427 1935 1628 1604 1955 1123 1764 1016 1104 1121 1124 1190 1470 1983 1139 1609 1057 1941 1200 1143 1058 1776 1932 1679 1997 1264 1104 1428 1583 1661 1372 1288 1813 1115 1773 1168 1526 1653 1737 1494 1132 1854 1212 1812 1694 1517 1742 1496 1034 1567 1870 1639 1680 1853 1624 1149 1104 1993 1285 1111 1277 1044 1435 1573 1151 1276 1875 1415 1207 1971 1615 1587 1122 1035 1385 BCNSPRNW ULIB Ver.6.0+V

เปลี่ยนเป็นภาษาไทย

Change to English
 แสดงรายละเอียดบรรณานุกรม
  กลับหน้าหลัก

Brief Record : Get Marc (ISO 2709) : E-mail record : QR code < ปิดหน้าต่าง
LEADER : 00000nam a2200000Ia 4500
001    13399125430
003     ULIB
008    160317s2559 th a b 000 0 tha d
020    ^a9786163980540
040    ^absi
060 04 ^aQZ202^bก451
245 00 ^aการดูแลรักษามะเร็งระยะลุกลามมาที่กระดูก =^bClinical approach forbone metastasis /^cดำเนินสันต์ พฤกษากร, จงกลณี เศรษฐกร,บุษยามาส ชีวสกุลยง, บรรณาธิการ
246 31 ^aClinical approach for bone metastasis
250    ^aพิมพ์ครั้งที่ 1
260    ^aเชียงใหม่ :^bโครงการตำรา คณะแพทยศาสตร์ มหาวิทยาลัยเชียงใหม่,^c2559
300    ^aก-ณ, 309 หน้า :^bภาพประกอบ (ภาพสีบางภาพ) ;^c30 ซม.
650  2 ^aNeoplasm Metastasis^xtherapy
650  2 ^aNeoplasms^xtherapy
650  4 ^aเนื้องอกชนิดแพร่กระจาย^xการรักษา
650  4 ^aเนื้องอก^xการรักษา
700 0  ^aดำเนินสันต์ พฤกษากร,^eบรรณาธิการ
700 0  ^aจงกลณี เศรษฐกร,^eบรรณาธิการ
700 0  ^aบุษยามาส ชีวสกุลยง,^eบรรณาธิการ
710 2  ^aมหาวิทยาลัยเชียงใหม่.^bคณะแพทยศาสตร์.^bโครงการตำรา
945    ^p450^l0^i24972
945    ^p450^l0^i24973
945    ^p450^l0^i24974
995    ^aัณชพร
999    ^aกัณชพร
รายการนี้ยังไม่มีแท็ก
คุณยังไม่ได้ล็อกอิน คุณสามารถมีกิจกรรมร่วมกับเว็บไซต์ได้ แต่ต้องล็อกอินก่อน ::
  ล็อกอิน

รายการสื่อสารสนเทศ

ลำดับที่ ประเภท เลขเรียก/บาร์โค้ด สถานที่ สถานะ
1. หนังสือสำรอง
หนังสือสำรอง
สถานะ=หนังสือเก่า
QZ202 ก451 ฉ.1 
  Barcode: 24972
ห้องสมุดวิทยาเขตนครสวรรค์
►ส่วนจัดเก็บหนังสือเก่า นว.
บนชั้น
  ขอยืม
2. วิทยาศาสตร์การแพทย์ และสุขภาพ
วิทยาศาสตร์การแพทย์ และสุขภาพ
สถานะ=หนังสือเก่า
QZ202 ก451 ฉ.2 
  Barcode: 24973
ห้องสมุดวิทยาเขตนครสวรรค์
►ส่วนจัดเก็บหนังสือเก่า นว.
บนชั้น
  ขอยืม
3. วิทยาศาสตร์การแพทย์ และสุขภาพ
วิทยาศาสตร์การแพทย์ และสุขภาพ
สถานะ=หนังสือเก่า
QZ202 ก451 ฉ.3 
  Barcode: 24974
ห้องสมุดวิทยาเขตนครสวรรค์
►ส่วนจัดเก็บหนังสือเก่า นว.
บนชั้น
  ขอยืม

BibComment


ยังไม่เคยถูกคอมเมนท์

คอมเมนท์ทรัพยากรรายการนี้
  คอมเมนท์: การดูแลรักษามะเร..


 Copyright 2026. Bcnsprnw @Library